Vigésimatercera Asamblea General Ordinaria de Accionistas. (Record no. 5447)

MARC details
000 -CABECERA
campo de control de longitud fija 00585nam a2200205 a 4500
001 - NÚMERO DE CONTROL
campo de control BRCA_5757
005 - FECHA Y HORA DE LA ÚLTIMA TRANSACCIÓN
campo de control 20190320205214.0
008 - DATOS DE LONGITUD FIJA--INFORMACIÓN GENERAL
campo de control de longitud fija 070311s1945----mx-ad####s---a100-0#spa-#
041 ## - CÓDIGO DE LENGUA
Código de lengua del texto/banda sonora o título independiente spa
044 ## - CÓDIGO DEL PAÍS DE LA ENTIDAD EDITORA/PRODUCTORA
Código MARC del país mx
050 #4 - SIGNATURA TOPOGRÁFICA DE LA BIBLIOTECA DEL CONGRESO
Número de clasificación HG2720.M44
Número de documento/Ítem V54
-- 1945
245 10 - MENCIÓN DE TÍTULO
Título Vigésimatercera Asamblea General Ordinaria de Accionistas.
Mención de responsabilidad, etc. Banco de México.
260 ## - PUBLICACIÓN, DISTRIBUCIÓN, ETC.
Lugar de publicación, distribución, etc. México
Nombre del editor, distribuidor, etc. Banco de México
Fecha de publicación, distribución, etc. 1945
300 ## - DESCRIPCIÓN FÍSICA
Extensión 114 p.
Otras características físicas ils.
Dimensiones 23 cm.
500 ## - NOTA GENERAL
Nota general Balance general de 1944; gráficas, estadísticas.
500 ## - NOTA GENERAL
Nota general H72
650 14 - PUNTO DE ACCESO ADICIONAL DE MATERIA--TÉRMINO DE MATERIA
Término de materia o nombre geográfico como elemento de entrada Finanzas
Subdivisión geográfica México
9 (RLIN) 14605
902 ## - CATALOGADOR
Iniciales GFM
942 ## - ELEMENTOS DE PUNTO DE ACCESO ADICIONAL (KOHA)
Fuente del sistema de clasificación o colocación Library of Congress Classification
Tipo de ítem Koha Libros
Holdings
Estado de retiro Estado de pérdida Estado dañado No para préstamo Localización permanente Ubicación/localización actual Fecha de adquisición Número de inventario Total de préstamos Signatura topográfica completa Código de barras Fecha visto por última vez Precio válido a partir de Tipo de ítem Koha
El ejemplar forma parte de la colección y puede ser consultado según las políticas vigentes.       Biblioteca del Museo Franz Mayer (Rogerio Casas-Alatriste) Biblioteca del Museo Franz Mayer (Rogerio Casas-Alatriste) 07/03/2011 H72   HG2720.M44 V54 1945 (H72) 6196 22/03/2019 22/03/2019 Libros